000
00270nam a2200109Ia 4500
008
200302s9999 xx 000 0 und d
100
_a
Lee Watson
245
_a
Lighting Design Handbook
260
_b
Mcgraw- hill International Book co.,
260
_c
1990
300
_a
458 P.,
999
_c
970
_d
970